Peek a book ! : (Record no. 7678)
[ view plain ]
| 000 -LEADER | |
|---|---|
| fixed length control field | 01305nam a22002657a 4500 |
| 001 - CONTROL NUMBER | |
| control field | 7678 |
| 003 - CONTROL NUMBER IDENTIFIER | |
| control field | FISKH |
| 005 - DATE AND TIME OF LATEST TRANSACTION | |
| control field | 20250731083640.0 |
| 008 - FIXED-LENGTH DATA ELEMENTS--GENERAL INFORMATION | |
| fixed length control field | 250731b cb ||||| |||| 00| 0 eng d |
| 020 ## - INTERNATIONAL STANDARD BOOK NUMBER | |
| International Standard Book Number | 9781846109164 |
| 040 ## - CATALOGING SOURCE | |
| Original cataloging agency | FISKH |
| Language of cataloging | eng |
| Transcribing agency | FISKH |
| Modifying agency | FISKH |
| 050 ## - LIBRARY OF CONGRESS CALL NUMBER | |
| Classification number | PZ7 |
| 082 ## - DEWEY DECIMAL CLASSIFICATION NUMBER | |
| Classification number | 636 |
| 100 ## - MAIN ENTRY--PERSONAL NAME | |
| Personal name | Anonymous |
| 245 ## - TITLE STATEMENT | |
| Title | Peek a book ! : |
| Remainder of title | Friendly Farm / |
| 260 ## - PUBLICATION, DISTRIBUTION, ETC. | |
| Place of publication, distribution, etc. | Hertforshire : |
| Name of publisher, distributor, etc. | Make Believe Ideas, |
| Date of publication, distribution, etc. | 2008. |
| 300 ## - PHYSICAL DESCRIPTION | |
| Extent | 10 unnumbered pages : |
| Other physical details | color illustrations ; |
| Dimensions | 18 cm |
| 505 ## - FORMATTED CONTENTS NOTE | |
| Formatted contents note | D<br/> |
| 520 ## - SUMMARY, ETC. | |
| Summary, etc. | Peek A Boo! is a series of lively animal board books with full-page fold-out flaps, that unfold to reveal where the animals are hiding and what they are up to. These titles look at baby animals, farm animals, perfect pets and wacky wild animals. Bold and beautiful photography of cute baby animals, wonderful wild animals and funny farm animals will stimulate and encourage children to participate in the animals' hide-and-seek! With touch and feel areas to explore, and a lively combination of photography and artwork, toddlers will want to read these stimulating books again and again. |
| 521 8# - TARGET AUDIENCE NOTE | |
| Target audience note | 160<br/> |
| Source | Lexile estimate<br/><br/> |
| 521 8# - TARGET AUDIENCE NOTE | |
| Target audience note | D<br/> |
| Source | Raz-Plus<br/> |
| 650 ## - SUBJECT ADDED ENTRY--TOPICAL TERM | |
| Topical term or geographic name entry element | Animals |
| Form subdivision | Juvenile Fiction |
| General subdivision | Farm Animals |
| Chronological subdivision | Board Book |
| 942 ## - ADDED ENTRY ELEMENTS (KOHA) | |
| Source of classification or shelving scheme | Dewey Decimal Classification |
| Koha item type | Books |
| Suppress in OPAC | No |
| Withdrawn status | Lost status | Source of classification or shelving scheme | Damaged status | Not for loan | Collection | Home library | Current library | Shelving location | Date acquired | Total Checkouts | Full call number | Barcode | Date last seen | Copy number | Price effective from | Koha item type |
|---|---|---|---|---|---|---|---|---|---|---|---|---|---|---|---|---|
| Dewey Decimal Classification | Juvenile Fiction | Footprints International School Library Network Toul Kork Campus | Footprints International School Library Network Toul Kork Campus | TK Primary Library Room(4th Floor), Bookcase 7, Shelves 57-60, Dark Green Books | 07/31/2025 | ANO 636 PZ7 | FISBK07028 | 07/31/2025 | 1 | 07/31/2025 | Books |
